[Event "Madrid ch Veteranos 2223"]
[Site "Madrid ESP"]
[Date "2023.04.21"]
[Round "5.34"]
[White "Gonzalez Hormigos, Carlos Manuel"]
[Black "Martinez Pintor, Juan"]
[Result "0-1"]
[WhiteElo "1116"]
[BlackElo "1545"]
[PlyCount "46"]
[EventDate "2023.04.17"]
[EventType "swiss"]
[EventRounds "9"]
[EventCountry "ESP"]
[SourceTitle "Ajedrez en Madrid"]
[Source "lmi"]
[SourceDate "2023.04.17"]
[SourceVersion "1"]
[SourceVersionDate "2023.05.22"]
[SourceQuality "1"]

1. e4 e6 2. Nc3 d5 3. d4 Nf6 4. Bg5 Bb4 5. Qf3 dxe4 6. Qe3 Nbd7 7. O-O-O Bxc3
8. Qxc3 Nb6 9. Qa3 Qd5 10. Bxf6 gxf6 11. b3 Qd6 12. Qa5 Nd5 13. a3 b6 14. Qa4+
c6 15. Kb2 Bd7 16. Ba6 b5 17. Qa5 Rb8 18. c4 bxc4 19. Bxc4 Nb6 20. Be2 Rb7 21.
Nh3 Ke7 22. f3 exf3 23. Bxf3 Nc4+ 0-1

[Event "Madrid ch Veteranos 2223"]
[Site "Madrid ESP"]
[Date "2023.04.21"]
[Round "5.35"]
[White "Villodre Miranda, Juan Alonso"]
[Black "Siddiqie, Kausar Iqbal"]
[Result "0-1"]
[WhiteElo "1537"]
[BlackElo "1265"]
[PlyCount "77"]
[EventDate "2023.04.17"]
[EventType "swiss"]
[EventRounds "9"]
[EventCountry "ESP"]
[SourceTitle "Ajedrez en Madrid"]
[Source "lmi"]
[SourceDate "2023.04.17"]
[SourceVersion "1"]
[SourceVersionDate "2023.05.22"]
[SourceQuality "1"]

1. c4 e5 2. e4 Nf6 3. Nc3 Bc5 4. d3 h6 5. g3 d6 6. h3 c6 7. Bg2 O-O 8. Nge2 Be6
9. O-O d5 10. cxd5 cxd5 11. Kh2 Nc6 12. f4 dxe4 13. Nxe4 Nxe4 14. dxe4 Bc4 15.
Qc2 Bxe2 16. Qxe2 exf4 17. Bxf4 Re8 18. Rad1 Qb6 19. b3 Rac8 20. Qg4 Nd4 21.
Bc1 Nc2 22. Qe2 Bd6 23. Qf3 Be5 24. Qxf7+ Kh8 25. Qf2 Qg6 26. Bf4 Bxf4 27. Qxf4
Rc3 28. Rf3 Rc6 29. Qf5 Qxf5 30. exf5 Re2 31. Rfd3 Rf6 32. R1d2 Rxd2 33. Rxd2
Ne3 34. Bxb7 Nf1+ 35. Kg2 Nxd2 36. g4 Rb6 37. Bd5 a5 38. Kf2 Rd6 39. Be6 0-1

[Event "Madrid ch Veteranos 2223"]
[Site "Madrid ESP"]
[Date "2023.04.21"]
[Round "5.37"]
[White "Plaza Plaza, Prudencio"]
[Black "Infante Martin, Alonso"]
[Result "1-0"]
[WhiteElo "1299"]
[BlackElo "1457"]
[PlyCount "75"]
[EventDate "2023.04.17"]
[EventType "swiss"]
[EventRounds "9"]
[EventCountry "ESP"]
[SourceTitle "Ajedrez en Madrid"]
[Source "lmi"]
[SourceDate "2023.04.17"]
[SourceVersion "1"]
[SourceVersionDate "2023.05.22"]
[SourceQuality "1"]

1. d4 Nf6 2. Nc3 d6 3. e4 Nbd7 4. Be3 e6 5. Bb5 c6 6. Bd3 Qc7 7. h3 g6 8. Qd2
Bg7 9. Nf3 e5 10. dxe5 dxe5 11. O-O-O b5 12. Bh6 O-O 13. Bxg7 Kxg7 14. g4 Nc5
15. g5 Nh5 16. Qe3 Qe7 17. Ne2 Rd8 18. Ne1 a5 19. b3 Na6 20. c3 Qa3+ 21. Kb1
Be6 22. Nc2 Qe7 23. Kb2 Ra7 24. f4 exf4 25. Nxf4 Nxf4 26. Qxf4 Rad7 27. Nd4 Rd6
28. e5 Rxd4 29. cxd4 a4 30. Qf6+ Qxf6 31. exf6+ Kf8 32. Be4 Rd6 33. bxa4 bxa4
34. a3 Nc7 35. Kc3 Nb5+ 36. Kb4 Rxd4+ 37. Rxd4 Nxd4 38. Rd1 1-0

[Event "Madrid ch Veteranos 2223"]
[Site "Madrid ESP"]
[Date "2023.04.21"]
[Round "5.38"]
[White "Abad Martin-Camuñas, Luis"]
[Black "Benito Mellado, Humberto"]
[Result "1/2-1/2"]
[WhiteElo "1366"]
[BlackElo "1449"]
[PlyCount "75"]
[EventDate "2023.04.17"]
[EventType "swiss"]
[EventRounds "9"]
[EventCountry "ESP"]
[SourceTitle "Ajedrez en Madrid"]
[Source "lmi"]
[SourceDate "2023.04.17"]
[SourceVersion "1"]
[SourceVersionDate "2023.05.22"]
[SourceQuality "1"]

1. e4 c5 2. Nf3 d6 3. d4 cxd4 4. Nxd4 Nf6 5. Nc3 a6 6. Be3 Ng4 7. Bg5 h6 8. Bh4
Ne5 9. Bg3 Nbc6 10. h3 Qb6 11. Nxc6 Nxc6 12. Rb1 Qd8 13. Bc4 b5 14. Bd5 Bb7 15.
O-O e6 16. Bxc6+ Bxc6 17. Re1 Be7 18. Qd3 Qc7 19. Rbd1 Rd8 20. Kh1 b4 21. Ne2
Bb5 22. Qd4 O-O 23. Qxb4 Qxc2 24. Nd4 Qa4 25. Qxa4 Bxa4 26. b3 Bd7 27. Nf3 Bc6
28. Nd2 d5 29. exd5 Rxd5 30. Nc4 Bb4 31. Rg1 Rfd8 32. Ne3 Rd2 33. Rxd2 Rxd2 34.
Rc1 Bb5 35. Rc2 Rd7 36. Kh2 Bd3 37. Rc1 Bb5 38. Nc4 1/2-1/2

[Event "Madrid ch Veteranos 2223"]
[Site "Madrid ESP"]
[Date "2023.04.21"]
[Round "5.39"]
[White "Lopez Manso, Jeronimo"]
[Black "Rosado Sanchez, Jose Ignacio"]
[Result "0-1"]
[WhiteElo "1358"]
[BlackElo "1377"]
[PlyCount "84"]
[EventDate "2023.04.17"]
[EventType "swiss"]
[EventRounds "9"]
[EventCountry "ESP"]
[SourceTitle "Ajedrez en Madrid"]
[Source "lmi"]
[SourceDate "2023.04.17"]
[SourceVersion "1"]
[SourceVersionDate "2023.05.22"]
[SourceQuality "1"]

1. f4 d5 2. Nf3 g6 3. e3 Bg7 4. c4 e6 5. Nc3 c5 6. d4 Ne7 7. dxc5 Na6 8. cxd5
Qa5 9. d6 Nc6 10. Nd4 Qxc5 11. Nxc6 bxc6 12. Na4 Qd5 13. Qxd5 cxd5 14. Be2 O-O
15. Bd2 Bb7 16. Rc1 Nb8 17. Rc7 Ba6 18. Nc5 Bxe2 19. Kxe2 Rd8 20. d7 a5 21. Rc8
Bf6 22. Bxa5 Nxd7 23. Rxd8+ Bxd8 24. Bxd8 Nxc5 25. Rc1 Nd7 26. Be7 Rxa2 27. Ba3
Nb6 28. g4 Nc4 29. Kd3 Nxa3 30. bxa3 Rxa3+ 31. Rc3 Rxc3+ 32. Kxc3 f6 33. Kd4
Kf7 34. e4 dxe4 35. Kxe4 Ke7 36. g5 fxg5 37. fxg5 Kd6 38. Kd4 e5+ 39. Ke4 Ke6
40. h3 Kd6 41. Kd3 Kd5 42. Ke3 e4 0-1

[Event "Madrid ch Veteranos 2223"]
[Site "Madrid ESP"]
[Date "2023.04.24"]
[Round "6.1"]
[White "Moreno Ruiz, Javier"]
[Black "Longa Yauca, Javier"]
[Result "1-0"]
[WhiteElo "2427"]
[BlackElo "2219"]
[PlyCount "87"]
[EventDate "2023.04.17"]
[EventType "swiss"]
[EventRounds "9"]
[EventCountry "ESP"]
[SourceTitle "Ajedrez en Madrid"]
[Source "lmi"]
[SourceDate "2023.04.17"]
[SourceVersion "1"]
[SourceVersionDate "2023.05.22"]
[SourceQuality "1"]

1. e4 e6 2. d4 d5 3. Nc3 Nf6 4. Bg5 Be7 5. e5 Nfd7 6. h4 h6 7. Be3 a6 8. Qg4
Bf8 9. h5 c5 10. f4 cxd4 11. Bxd4 Nc6 12. Nf3 Nxd4 13. Nxd4 Nb6 14. Bd3 Bd7 15.
O-O-O Qe7 16. f5 O-O-O 17. fxe6 Bxe6 18. Bf5 Bxf5 19. Qxf5+ Kb8 20. e6 fxe6 21.
Nxe6 Qd7 22. Rhe1 Bb4 23. Qe5+ Ka7 24. Nxd8 Rxd8 25. Qd4 Be7 26. Kb1 Bf6 27.
Qb4 Qc6 28. Ne2 Rc8 29. c3 Qd7 30. Qf4 Nc4 31. Nd4 Qa4 32. Qf2 Ka8 33. Qf5 Rc5
34. Qc2 Qd7 35. Qg6 Ka7 36. Re2 Ra5 37. b3 Nd6 38. Qd3 Qg4 39. Qf3 Qc8 40. Qe3
Ka8 41. Qe6 Qxc3 42. Qxd6 Bxd4 43. Re8+ Ka7 44. Qb8+ 1-0

[Event "Madrid ch Veteranos 2223"]
[Site "Madrid ESP"]
[Date "2023.04.24"]
[Round "6.3"]
[White "Vazquez Gonzalez, Jesus"]
[Black "De Paz Nistal, Santiago"]
[Result "1/2-1/2"]
[WhiteElo "1908"]
[BlackElo "1866"]
[PlyCount "29"]
[EventDate "2023.04.17"]
[EventType "swiss"]
[EventRounds "9"]
[EventCountry "ESP"]
[SourceTitle "Ajedrez en Madrid"]
[Source "lmi"]
[SourceDate "2023.04.17"]
[SourceVersion "1"]
[SourceVersionDate "2023.05.22"]
[SourceQuality "1"]

1. e4 e5 2. Nf3 Nc6 3. Nc3 d6 4. Bc4 Be7 5. O-O Nf6 6. h3 O-O 7. d4 a6 8. dxe5
Nxe5 9. Nxe5 dxe5 10. Bg5 c6 11. Qxd8 Rxd8 12. f4 Bc5+ 13. Kh1 Bd4 14. Rad1 Be6
15. Bxe6 1/2-1/2

[Event "Madrid ch Veteranos 2223"]
[Site "Madrid ESP"]
[Date "2023.04.24"]
[Round "6.4"]
[White "Rojas Pozo, Jose Luis"]
[Black "Suarez-Llanos Florez, Gonzalo"]
[Result "1-0"]
[WhiteElo "1865"]
[BlackElo "2052"]
[PlyCount "61"]
[EventDate "2023.04.17"]
[EventType "swiss"]
[EventRounds "9"]
[EventCountry "ESP"]
[SourceTitle "Ajedrez en Madrid"]
[Source "lmi"]
[SourceDate "2023.04.17"]
[SourceVersion "1"]
[SourceVersionDate "2023.05.22"]
[SourceQuality "1"]

1. d4 d5 2. c4 c6 3. e3 e6 4. Nc3 Nd7 5. Nf3 Ngf6 6. Bd3 dxc4 7. Bxc4 b5 8. Bd3
a6 9. e4 c5 10. e5 cxd4 11. Nxb5 Nxe5 12. Nxe5 axb5 13. O-O Qb6 14. Qe2 Ba6 15.
a3 Be7 16. Bg5 h6 17. Bh4 g5 18. Bg3 O-O 19. b4 Rfd8 20. f4 g4 21. Nxg4 Kg7 22.
Nxf6 Bxf6 23. Qg4+ Kf8 24. Bh4 Bg7 25. f5 exf5 26. Qxf5 Ra7 27. Bxd8 Qxd8 28.
Qc5+ Qe7 29. Rac1 Rd7 30. Rfe1 Qxc5 31. bxc5 1-0

[Event "Madrid ch Veteranos 2223"]
[Site "Madrid ESP"]
[Date "2023.04.24"]
[Round "6.5"]
[White "Martin Rodriguez, Emilio"]
[Black "Barahona Torrijos, Angel"]
[Result "1-0"]
[WhiteElo "1965"]
[BlackElo "1696"]
[PlyCount "67"]
[EventDate "2023.04.17"]
[EventType "swiss"]
[EventRounds "9"]
[EventCountry "ESP"]
[SourceTitle "Ajedrez en Madrid"]
[Source "lmi"]
[SourceDate "2023.04.17"]
[SourceVersion "1"]
[SourceVersionDate "2023.05.22"]
[SourceQuality "1"]

1. d4 Nf6 2. Nf3 e6 3. Bg5 c5 4. e3 Qa5+ 5. c3 Ne4 6. Bf4 Nc6 7. Nbd2 Nxd2 8.
Qxd2 d5 9. Bd3 c4 10. Bb1 b5 11. e4 Ne7 12. O-O Bb7 13. exd5 Nxd5 14. Be5 O-O-O
15. Qe2 Bd6 16. Be4 f6 17. Bg3 Qc7 18. a4 Bxg3 19. hxg3 a6 20. axb5 axb5 21.
Ra7 Qc6 22. Rfa1 g5 23. Nd2 f5 24. Bxd5 Rxd5 25. f3 h5 26. b3 Rd7 27. bxc4 b4
28. Nb3 bxc3 29. Nc5 Rxd4 30. Qe5 Rhd8 31. Rxb7 Qxb7 32. Nxb7 Rd1+ 33. Kh2 c2
34. Nxd8 1-0

[Event "Madrid ch Veteranos 2223"]
[Site "Madrid ESP"]
[Date "2023.04.24"]
[Round "6.6"]
[White "Perez Hernandez, Alfonso"]
[Black "Lopez-Andujar Ocaña, Antonio"]
[Result "0-1"]
[WhiteElo "1719"]
[BlackElo "1961"]
[PlyCount "106"]
[EventDate "2023.04.17"]
[EventType "swiss"]
[EventRounds "9"]
[EventCountry "ESP"]
[SourceTitle "Ajedrez en Madrid"]
[Source "lmi"]
[SourceDate "2023.04.17"]
[SourceVersion "1"]
[SourceVersionDate "2023.05.22"]
[SourceQuality "1"]

1. Nf3 d5 2. c4 e6 3. g3 Nf6 4. Bg2 c5 5. O-O d4 6. b4 Nc6 7. b5 Na5 8. d3 Bd6
9. Bg5 Rb8 10. Nbd2 O-O 11. Ne4 Be7 12. Bf4 Nxe4 13. Bxb8 Nc3 14. Qc2 g5 15. e3
f6 16. exd4 cxd4 17. Bxa7 b6 18. Nxd4 Qxd4 19. Bxb6 Qxb6 20. Qxc3 Bc5 21. Rad1
e5 22. Kh1 Bg4 23. f3 Bh5 24. Rde1 Rd8 25. f4 Bd4 26. Qc2 h6 27. fxg5 hxg5 28.
Be4 Kg7 29. Qg2 Rh8 30. Bf5 Bf7 31. Be4 Bc3 32. Re2 Bh5 33. Rc2 Bb4 34. g4 Bf7
35. Qf3 Bc5 36. Bd5 Bxd5 37. Qxd5 Rd8 38. Qf3 Rd4 39. Kg2 Qd6 40. Rd1 Rf4 41.
Qd5 Rxg4+ 42. Kh1 Qe7 43. Rg2 Rd4 44. Qf3 Qd6 45. Rg4 Rf4 46. Rxf4 exf4 47. Re1
Qd4 48. Qe4 Qf2 49. Qe2 Qh4 50. d4 f3 51. Qe4 Qh3 52. Qc2 Bxd4 53. Rg1 f2 0-1

[Event "Madrid ch Veteranos 2223"]
[Site "Madrid ESP"]
[Date "2023.04.24"]
[Round "6.7"]
[White "Fernandez Aransay, Fernando"]
[Black "Lopez de Turiso Sanchez, Jose Antonio"]
[Result "1-0"]
[WhiteElo "1808"]
[BlackElo "1904"]
[PlyCount "47"]
[EventDate "2023.04.17"]
[EventType "swiss"]
[EventRounds "9"]
[EventCountry "ESP"]
[SourceTitle "Ajedrez en Madrid"]
[Source "lmi"]
[SourceDate "2023.04.17"]
[SourceVersion "1"]
[SourceVersionDate "2023.05.22"]
[SourceQuality "1"]

1. e4 c5 2. Nf3 e6 3. d4 cxd4 4. Nxd4 a6 5. Bd3 Bc5 6. Nb3 Ba7 7. O-O Nc6 8.
Nc3 Nf6 9. Bg5 O-O 10. Kh1 d6 11. f4 Bd7 12. Qf3 e5 13. Nd5 Kh8 14. Nxf6 gxf6
15. Bh6 Rg8 16. f5 b5 17. Qh5 Nb4 18. Rf3 Nxd3 19. cxd3 Bc6 20. Rh3 d5 21. Bf8
Rg7 22. Bxg7+ Kxg7 23. Qh6+ Kg8 24. Rg3+ 1-0

[Event "Madrid ch Veteranos 2223"]
[Site "Madrid ESP"]
[Date "2023.04.24"]
[Round "6.8"]
[White "Moreno Torrero, Javier"]
[Black "Viñas Lopez, Carlos"]
[Result "1-0"]
[WhiteElo "1891"]
[BlackElo "1853"]
[PlyCount "139"]
[EventDate "2023.04.17"]
[EventType "swiss"]
[EventRounds "9"]
[EventCountry "ESP"]
[SourceTitle "Ajedrez en Madrid"]
[Source "lmi"]
[SourceDate "2023.04.17"]
[SourceVersion "1"]
[SourceVersionDate "2023.05.22"]
[SourceQuality "1"]

1. e4 e6 2. d4 d5 3. Nc3 dxe4 4. Nxe4 Bd7 5. Nf3 Bc6 6. Bd3 Nd7 7. O-O Ngf6 8.
Qe2 Nxe4 9. Bxe4 Bxe4 10. Qxe4 c6 11. c4 Be7 12. Bf4 O-O 13. Rad1 Re8 14. Rfe1
Qa5 15. a3 Rad8 16. Qc2 Nf6 17. b4 Qh5 18. Re5 Qg6 19. Qa4 Nh5 20. Bc1 a6 21.
d5 exd5 22. cxd5 cxd5 23. Rdxd5 b5 24. Qd1 Rxd5 25. Qxd5 Nf6 26. Qc6 Qb1 27.
Re1 Qf5 28. Bg5 Kf8 29. Qxa6 Qd7 30. Qb6 Ra8 31. Qe3 Nd5 32. Bxe7+ Nxe7 33. Ne5
Qa7 34. Qf3 f6 35. Rd1 Re8 36. Nd7+ Kf7 37. Qb3+ Kg6 38. Qd3+ Kf7 39. Qxb5 Qxa3
40. Qc4+ Kg6 41. h4 h5 42. Rd3 Qa1+ 43. Kh2 Nf5 44. Qc3 Qa7 45. Nc5 Qb8+ 46. g3
Nxh4 47. Re3 Rxe3 48. Qxe3 Nf5 49. Qe4 Qe5 50. Qxe5 fxe5 51. b5 Nd4 52. b6 Nc6
53. Nd7 Nd8 54. Nxe5+ Kf5 55. Nc4 Nb7 56. f4 g6 57. Kh3 Kf6 58. Kh4 Kf5 59.
Ne3+ Kf6 60. g4 hxg4 61. Kxg4 Nc5 62. Nc4 Nb7 63. Ne5 Nc5 64. Nc6 Nb7 65. Nd4
Nc5 66. Kg3 Nb7 67. Kf3 Nc5 68. Ke3 g5 69. fxg5+ Kxg5 70. Ne6+ 1-0

[Event "Madrid ch Veteranos 2223"]
[Site "Madrid ESP"]
[Date "2023.04.24"]
[Round "6.9"]
[White "Alvarez Abejon, Amilcar"]
[Black "Fiz Criado, Fidel"]
[Result "1-0"]
[WhiteElo "1875"]
[BlackElo "1807"]
[PlyCount "81"]
[EventDate "2023.04.17"]
[EventType "swiss"]
[EventRounds "9"]
[EventCountry "ESP"]
[SourceTitle "Ajedrez en Madrid"]
[Source "lmi"]
[SourceDate "2023.04.17"]
[SourceVersion "1"]
[SourceVersionDate "2023.05.22"]
[SourceQuality "1"]

1. d4 Nf6 2. Nf3 e6 3. Bg5 c5 4. e3 b6 5. d5 d6 6. Bb5+ Bd7 7. Bxd7+ Nbxd7 8.
dxe6 fxe6 9. c4 Be7 10. Nc3 a6 11. O-O O-O 12. Qc2 Ng4 13. Bxe7 Qxe7 14. h3
Rxf3 15. hxg4 Rf7 16. Rad1 Ne5 17. Qe4 Raf8 18. g5 Rf3 19. Qh4 R3f5 20. f4 Nxc4
21. Rf3 d5 22. e4 dxe4 23. Rh3 g6 24. Nxe4 h5 25. Nf6+ R5xf6 26. gxf6 Qxf6 27.
Qxf6 Rxf6 28. b3 Na3 29. Rd6 b5 30. Rxa6 b4 31. Rd3 Kf7 32. Rd7+ Kg8 33. Ra8+
Rf8 34. Rxf8+ Kxf8 35. Rc7 Nb5 36. Rxc5 Nc3 37. a4 Ke7 38. a5 Kd6 39. Rc4 Nd5
40. a6 Nc7 41. a7 1-0

[Event "Madrid ch Veteranos 2223"]
[Site "Madrid ESP"]
[Date "2023.04.24"]
[Round "6.10"]
[White "Pastor Alonso De Prado, Alberto"]
[Black "Hetz, Robert"]
[Result "1-0"]
[WhiteElo "2071"]
[BlackElo "1627"]
[PlyCount "81"]
[EventDate "2023.04.17"]
[EventType "swiss"]
[EventRounds "9"]
[EventCountry "ESP"]
[SourceTitle "Ajedrez en Madrid"]
[Source "lmi"]
[SourceDate "2023.04.17"]
[SourceVersion "1"]
[SourceVersionDate "2023.05.22"]
[SourceQuality "1"]

1. Nf3 d5 2. c4 c6 3. b3 Nf6 4. Bb2 g6 5. e3 Bg7 6. Be2 O-O 7. O-O dxc4 8. bxc4
b6 9. a4 Bb7 10. Qc2 Na6 11. d4 Nb4 12. Qb3 a5 13. Nc3 Nd7 14. Rad1 Qe8 15. Ba3
e5 16. Bxb4 axb4 17. Qxb4 exd4 18. exd4 c5 19. dxc5 Bxc3 20. Qxc3 Nxc5 21. Nd4
Qe5 22. f4 Nxa4 23. Qb3 Qc5 24. Kh1 Rfd8 25. Nb5 Rxd1 26. Bxd1 Qe7 27. f5 Nc5
28. Qg3 Ra2 29. Bf3 Ne4 30. Qb8+ Kg7 31. f6+ Qxf6 32. Qxb7 Ra1 33. Kg1 Rxf1+
34. Kxf1 Qa1+ 35. Ke2 Qb2+ 36. Ke3 Nc5 37. Qd5 Qb3+ 38. Kf2 Qc2+ 39. Kg3 Nd3
40. Qd4+ f6 41. Be4 1-0

[Event "Madrid ch Veteranos 2223"]
[Site "Madrid ESP"]
[Date "2023.04.24"]
[Round "6.11"]
[White "Herrero Reques, Sergio"]
[Black "Fernandez Garcia, Ignacio"]
[Result "1-0"]
[WhiteElo "2021"]
[BlackElo "1851"]
[PlyCount "89"]
[EventDate "2023.04.17"]
[EventType "swiss"]
[EventRounds "9"]
[EventCountry "ESP"]
[SourceTitle "Ajedrez en Madrid"]
[Source "lmi"]
[SourceDate "2023.04.17"]
[SourceVersion "1"]
[SourceVersionDate "2023.05.22"]
[SourceQuality "1"]

1. Nf3 Nf6 2. g3 d5 3. d4 g6 4. Bg2 Bg7 5. O-O O-O 6. c4 c6 7. b3 Nbd7 8. Nc3
dxc4 9. bxc4 Nb6 10. Qd3 Ng4 11. e4 c5 12. d5 Nd7 13. Bb2 Nge5 14. Qe2 Nxf3+
15. Bxf3 Ne5 16. Bg2 Bg4 17. f3 Bc8 18. h3 f6 19. f4 Nf7 20. Nd1 Qc7 21. Ne3 e5
22. dxe6 Bxe6 23. g4 Nd8 24. Nd5 Bxd5 25. cxd5 Nf7 26. h4 Rfe8 27. g5 fxg5 28.
Bxg7 Kxg7 29. Qb2+ Kg8 30. hxg5 Nd6 31. e5 Nf5 32. d6 Qg7 33. Qxb7 Rab8 34.
Qd5+ Kh8 35. Qxc5 Rec8 36. Qa3 Rc2 37. Rac1 Re2 38. Rf2 Re3 39. Qc5 Rd8 40. Rd2
Rg3 41. Qc7 Qd7 42. Qxd7 Rxd7 43. Kh2 Rg4 44. Rc8+ Kg7 45. Rc7 1-0

[Event "Madrid ch Veteranos 2223"]
[Site "Madrid ESP"]
[Date "2023.04.24"]
[Round "6.12"]
[White "Hernandez Gutierrez, Jose"]
[Black "Ruiz Bellon, Manuel"]
[Result "1-0"]
[WhiteElo "1767"]
[BlackElo "1968"]
[PlyCount "51"]
[EventDate "2023.04.17"]
[EventType "swiss"]
[EventRounds "9"]
[EventCountry "ESP"]
[SourceTitle "Ajedrez en Madrid"]
[Source "lmi"]
[SourceDate "2023.04.17"]
[SourceVersion "1"]
[SourceVersionDate "2023.05.22"]
[SourceQuality "1"]

1. d4 d6 2. c4 f5 3. Nc3 Nf6 4. g3 g6 5. Bg2 Bg7 6. Bg5 O-O 7. Bxf6 Bxf6 8. e3
c6 9. Nge2 Qc7 10. O-O e5 11. Rc1 Be6 12. d5 Bf7 13. e4 Na6 14. exf5 gxf5 15.
dxc6 bxc6 16. Qa4 Nb8 17. Rfd1 e4 18. Bh3 Nd7 19. Bxf5 Nc5 20. Qc2 Nd3 21. Nxe4
Nxc1 22. Nxf6+ Kg7 23. Qxc1 Kxf6 24. Qf4 Kg7 25. Rxd6 Qe7 26. Qh6+ 1-0

[Event "Madrid ch Veteranos 2223"]
[Site "Madrid ESP"]
[Date "2023.04.24"]
[Round "6.13"]
[White "Camarero Izquierdo, Juan Carlos"]
[Black "Cabañas Bravo, Juan Andres"]
[Result "0-1"]
[WhiteElo "1680"]
[BlackElo "1914"]
[PlyCount "74"]
[EventDate "2023.04.17"]
[EventType "swiss"]
[EventRounds "9"]
[EventCountry "ESP"]
[SourceTitle "Ajedrez en Madrid"]
[Source "lmi"]
[SourceDate "2023.04.17"]
[SourceVersion "1"]
[SourceVersionDate "2023.05.22"]
[SourceQuality "1"]

1. e4 e5 2. Nf3 Nc6 3. Bc4 Bc5 4. O-O Nf6 5. d3 d6 6. h3 h6 7. c3 O-O 8. Re1
Ne7 9. Nh4 Kh7 10. Be3 Bb6 11. Bxb6 axb6 12. Nd2 Ng6 13. Nxg6 fxg6 14. d4 Nh5
15. Nf3 Qf6 16. dxe5 dxe5 17. Qd5 Ra5 18. Qd3 Bxh3 19. Ng5+ hxg5 20. Qxh3 Qxf2+
21. Kh1 Qh4 22. Re3 Rf4 23. Rd1 Ra8 24. Qxh4 gxh4 25. Rd7 b5 26. Bb3 Ng3+ 27.
Kh2 Nf1+ 28. Kh3 Nxe3 29. Rxc7 b6 30. Rb7 Nc4 31. g3 hxg3 32. Kxg3 Nd6 33. Rxb6
Nxe4+ 34. Kh3 Rd8 35. Rxb5 Rd3+ 36. Kg2 Rg3+ 37. Kh2 Rh4# 0-1

[Event "Madrid ch Veteranos 2223"]
[Site "Madrid ESP"]
[Date "2023.04.24"]
[Round "6.14"]
[White "Lopez Molina, Francisco"]
[Black "Garcia Martin, Esteban"]
[Result "1/2-1/2"]
[WhiteElo "1905"]
[BlackElo "1809"]
[PlyCount "101"]
[EventDate "2023.04.17"]
[EventType "swiss"]
[EventRounds "9"]
[EventCountry "ESP"]
[SourceTitle "Ajedrez en Madrid"]
[Source "lmi"]
[SourceDate "2023.04.17"]
[SourceVersion "1"]
[SourceVersionDate "2023.05.22"]
[SourceQuality "1"]

1. d4 Nf6 2. c4 e5 3. e3 exd4 4. exd4 d5 5. Nf3 Be7 6. Nc3 O-O 7. Bd3 Bg4 8.
cxd5 Nxd5 9. O-O Nc6 10. Be3 Bf6 11. Be2 Re8 12. Qd2 Nxe3 13. fxe3 Qd7 14. Rae1
Rad8 15. Bd3 Qe7 16. Ne4 Be6 17. Nxf6+ Qxf6 18. Ne5 Qg5 19. Nxc6 bxc6 20. Qc2
h5 21. Rf3 Bg4 22. Rff1 Rxe3 23. Bc4 Be6 24. Qd2 Re5 25. Qxg5 Rxg5 26. Bxe6
fxe6 27. Rxe6 Rxd4 28. Re2 Rgd5 29. Rc2 Rd2 30. Rfc1 a5 31. a3 Kf7 32. Rxc6
Rxb2 33. Rxc7+ Kg6 34. R7c3 Rd7 35. Rg3+ Kh6 36. h4 Rd4 37. Rc6+ Kh7 38. Rcg6
Rxh4 39. Rxg7+ Kh8 40. Ra7 a4 41. Rf3 Rb8 42. Rf5 Kg8 43. Rg5+ Kf8 44. Rf5+ Kg8
45. Kf2 Rg4 46. Rxh5 Rb2+ 47. Kf3 Rbxg2 48. Rha5 R2g3+ 49. Kf2 Rg2+ 50. Ke1
Rg1+ 51. Kd2 1/2-1/2

[Event "Madrid ch Veteranos 2223"]
[Site "Madrid ESP"]
[Date "2023.04.24"]
[Round "6.15"]
[White "Estrada Martinez, Cesar"]
[Black "Pareja Vicente, Antonio"]
[Result "0-1"]
[WhiteElo "1903"]
[BlackElo "1783"]
[PlyCount "90"]
[EventDate "2023.04.17"]
[EventType "swiss"]
[EventRounds "9"]
[EventCountry "ESP"]
[SourceTitle "Ajedrez en Madrid"]
[Source "lmi"]
[SourceDate "2023.04.17"]
[SourceVersion "1"]
[SourceVersionDate "2023.05.22"]
[SourceQuality "1"]

1. d4 Nf6 2. c4 b6 3. Nc3 Bb7 4. Nf3 e6 5. g3 Bb4 6. Bg2 O-O 7. O-O Bxc3 8.
bxc3 Ne4 9. Qc2 d5 10. cxd5 exd5 11. c4 Nd7 12. cxd5 Ndf6 13. Ng5 Qxd5 14. Bf4
h6 15. Nxe4 Nxe4 16. Bxe4 Qxe4 17. Qxe4 Bxe4 18. Bxc7 Rac8 19. Rac1 Rfe8 20. e3
Bd5 21. a3 f6 22. Bd6 Kf7 23. Bb4 Bf3 24. Bd2 Kg6 25. Rc3 Rxc3 26. Bxc3 Rc8 27.
Rc1 Kf5 28. Kf1 Ke4 29. Ke1 Kd3 30. Bd2 Rxc1+ 31. Bxc1 Kc2 32. Bd2 a5 33. e4
Bxe4 34. Ke2 Kb3 35. Ke3 Bd5 36. Bc1 b5 37. Kd2 a4 38. f4 f5 39. h3 h5 40. Ke3
b4 41. axb4 Kxb4 42. Kd3 Kb3 43. Bd2 Be4+ 44. Ke3 a3 45. d5 a2 0-1

[Event "Madrid ch Veteranos 2223"]
[Site "Madrid ESP"]
[Date "2023.04.24"]
[Round "6.16"]
[White "Vukotic Jovsic, Dragan"]
[Black "Sanchez Peral, Pedro"]
[Result "0-1"]
[WhiteElo "1866"]
[BlackElo "1761"]
[PlyCount "52"]
[EventDate "2023.04.17"]
[EventType "swiss"]
[EventRounds "9"]
[EventCountry "ESP"]
[SourceTitle "Ajedrez en Madrid"]
[Source "lmi"]
[SourceDate "2023.04.17"]
[SourceVersion "1"]
[SourceVersionDate "2023.05.22"]
[SourceQuality "1"]

1. d4 Nf6 2. Bf4 d5 3. Nf3 c5 4. e3 Nc6 5. c3 Qb6 6. Qb3 c4 7. Qxb6 axb6 8. Na3
e5 9. Nb5 Ra5 10. Nc7+ Kd7 11. dxe5 Nh5 12. Nxd5 Rxd5 13. Bxc4 Nxf4 14. Bxd5
Nxd5 15. O-O-O Ke6 16. Ng5+ Kf5 17. Nxf7 Rg8 18. e4+ Kxe4 19. Rhe1+ Kf5 20. g4+
Kg6 21. Nd6 Bxd6 22. exd6 Nf6 23. h3 Kf7 24. b4 Re8 25. b5 Ne5 26. f4 Nd3+ 0-1

[Event "Madrid ch Veteranos 2223"]
[Site "Madrid ESP"]
[Date "2023.04.24"]
[Round "6.17"]
[White "Rodriguez Rodriguez, Ricardo"]
[Black "Lopez Molina, Santiago Jorge"]
[Result "1/2-1/2"]
[WhiteElo "1568"]
[BlackElo "1857"]
[PlyCount "44"]
[EventDate "2023.04.17"]
[EventType "swiss"]
[EventRounds "9"]
[EventCountry "ESP"]
[SourceTitle "Ajedrez en Madrid"]
[Source "lmi"]
[SourceDate "2023.04.17"]
[SourceVersion "1"]
[SourceVersionDate "2023.05.22"]
[SourceQuality "1"]

1. b3 d6 2. Bb2 Nd7 3. e3 Ngf6 4. d4 g6 5. Nf3 Bg7 6. Bd3 O-O 7. Nbd2 c5 8. O-O
Re8 9. Re1 b6 10. c4 e5 11. Bc2 h6 12. Ne4 Nxe4 13. Bxe4 Rb8 14. dxe5 Nxe5 15.
Nxe5 dxe5 16. Qf3 Qe7 17. Rad1 Be6 18. Bd5 e4 19. Qe2 Bxb2 20. Qxb2 Bxd5 21.
Rxd5 Rbd8 22. Red1 Rxd5 1/2-1/2